| 000 | 00477nam a2200193Ia 4500 | ||
|---|---|---|---|
| 008 | 160819s9999 xx 000 0 und d | ||
| 020 | _a978-0-75371-125-5 | ||
| 050 | _aCUL TX 714 | ||
| 050 | _b.C66 2000 | ||
| 245 | _aComplete cook / | ||
| 260 | _aGreat Britain : | ||
| 260 | _bOctopus Pub. Group Ltd., | ||
| 260 | _c2000 | ||
| 300 | _a566 pages : | ||
| 300 | _billustrations (some color) ; | ||
| 300 | _c27 cm. | ||
| 500 | _aIncludes index. | ||
| 650 | _aCooking. | ||
| 999 |
_c300665 _d300665 |
||